Atlas of the planets (Record no. 25496)

MARC details
000 -LEADER
fixed length control field 00352nam a2200145Ia 4500
082 ## - DEWEY DECIMAL CLASSIFICATION NUMBER
Classification number 523.4
Item number DEC
100 ## - MAIN ENTRY--AUTHOR NAME
Personal name Decallanty, Vincent
245 #0 - TITLE STATEMENT
Title Atlas of the planets
260 ## - PUBLICATION, DISTRIBUTION, ETC. (IMPRINT)
Place of publication London
Name of publisher Heinenmann
Year of publication 1967
650 ## - SUBJECT ADDED ENTRY--TOPICAL TERM
Topical Term Astronomy
650 ## - SUBJECT ADDED ENTRY--TOPICAL TERM
Topical Term Planets
700 ## - ADDED ENTRY--PERSONAL NAME
Personal name Dollfus, Audorin
942 ## - ADDED ENTRY ELEMENTS (KOHA)
Koha item type Books
Holdings
Withdrawn status Lost status Damaged status Not for loan Home library Current library Date acquired Full call number Accession Number Koha item type
        RRII Library RRII Library 16/12/2021 523.4 DEC 06153 Books